Doctor Who - Episodes S1 - Statistiques

Statistiques générales
  • Ce quiz a été pris 52 fois
  • Le résultat moyen est 9 sur 13
Statistiques - réponses
Episodes Titres % Correct
1 Rose
98%
6 Dalek
80%
12 Le Grand Méchant Loup
80%
2 La Fin du monde
78%
10 Le Docteur danse
71%
13 A la croisée des chemins
68%
5 Troisième Guerre mondiale
66%
8 Fête des pères
59%
11 L'Explosion de Cardiff
56%
3 Des morts inassouvis
54%
9 Drôle de mort
54%
7 Un jeu interminable
54%
4 L'Humanité en péril
41%
Aucun quiz correspondant
Distribution des résultats
% des personnes avec chaque résultat
Percentile par nombre de réponses
Votre historique - résultats
Vous n’avez pas pris ce quiz